|
|
|
|
| LEADER |
00000cam a2200000 i 4500 |
| 001 |
1/20717 |
| 008 |
051213s1998 gl | ||| |||| ||gre|| |
| 020 |
|
|
|a 9608478022
|
| 035 |
|
|
|l 10081685
|
| 040 |
|
|
|a GR-MyUA
|b gre
|e AACR2
|
| 041 |
1 |
|
|a gre
|h eng
|
| 082 |
0 |
|
|a 302.234
|2 (22)
|
| 100 |
1 |
|
|a Postman, Neil.
|
| 245 |
1 |
0 |
|a Διασκέδαση μέχρι θανάτου :
|b ο δημόσιος λόγος στην εποχή του θεάματος /
|c Νίλ Πόστμαν ; μετάφραση Φωτεινή Ρουγκούνη - Αφροδίτη Τζαμουράνη.
|
| 260 |
|
|
|a Αθήνα :
|b Δρομέας,
|c 1998.
|
| 300 |
|
|
|a 189 σ. ;
|c 24 εκ.
|
| 500 |
|
|
|a Τίτλος πρωτοτύπου: Amusing ourselves to death.
|
| 504 |
|
|
|a Βιβλιογραφία: σ. 187-189.
|
| 650 |
0 |
0 |
|a Mass media
|x Influence.
|
| 650 |
0 |
0 |
|a Mass media
|z United States.
|
| 700 |
1 |
|
|a Ρουγκούνη, Φωτεινή,
|e trlf
|
| 700 |
1 |
|
|a Τζαμουράνη, Αφροδίτη,
|e trlf
|
| 852 |
|
|
|a INST
|b SAMOS
|e 20051213
|h 302.234 POS
|p 005300025021
|q 005300025021
|t BK
|y 0
|
| 852 |
|
|
|a INST
|b SAMOS
|e 20121001
|h 302.234 POS
|p 005300033592
|q 005300033592
|t BK
|y 0
|
| 901 |
|
|
|a BIBL3-2012-3
|
| 901 |
|
|
|a BIBL3-2005-3
|
| 909 |
|
|
|a Σ
|b 172450
|
| 909 |
|
|
|a Σ
|b 114657
|
| 970 |
|
|
|a ΜΑΛΑΓΑΡΗ
|b ΦΩΤΕΙΝΗ
|z 2005/12/13
|